00370nam a2200133Ia 4500008004100000020001500041041001200056100002000068245007100088260003900159300000800198650001100206700001900217221030s9999 xx 000 0 und d a9332549913 aEnglish aB. G. Streetman 0aSolid State Electronic Devicescby B. G. Streetman, S. K. banerjee bPearson EducationaNew Delhic2016 a624 aBB ECE aS. K. banerjee